| 000 | 00847cam a2200265u 4500 | ||
|---|---|---|---|
| 001 | 24743 | ||
| 003 | BD-RjUL | ||
| 005 | 20211209001107.0 | ||
| 008 | 140315r19531918enk 001 0ceng | ||
| 035 | _a(BD-RjUL)24812 | ||
| 040 |
_aDLC _cCarP _dDLC _dBD-RjUL _beng |
||
| 041 | _aeng | ||
| 082 |
_a942.06 _bSMC |
||
| 100 | 1 |
_aSmith, David Nichol, _d1875-1962, _952827 |
|
| 245 | 1 | 0 |
_aCharacters from the histories & memoirs of the seventeenth century / _cDavid Nichol,Smith |
| 260 |
_aOxford : _bThe Clarendon press, _c1918 [reprinted 1953] |
||
| 300 |
_alii, 331, [1] p. ; _c20 cm. |
||
| 504 | _aIncludes index. | ||
| 651 | 0 |
_aGreat Britain _vBiography. _946028 |
|
| 651 | 0 |
_aGreat Britain _xHistory _yStuarts, 1603-1714. _976165 |
|
| 740 | 0 | _aSeventeenth century characters. | |
| 942 |
_2ddc _cBK |
||
| 999 |
_c24743 _d24743 |
||